000 00322nam a22001337a 4500
999 _c13939
_d13939
020 _a9781107172012
082 _a005
100 _aPaul Ammann & Jeff Offutt
245 _aIntroduction to Software Testing
250 _a2nd edition
260 _aUK
_bCambridge University Press
_c2023
300 _a345 pages
942 _cBK